Etkili yönetim becerileri (Record no. 4159)

MARC details
000 -BAŞLIK
Sabit Uzunlukta Kontrol Alanı 00739na a2200265 4500
001 - KONTROL NUMARASI
Denetim Alanı 23148
003 - KONTROL NUMARASI IDENTIFIER
Denetim Alanı MIRAKIL
005 - SON İŞLEM TARİHİ VE ZAMANI
Denetim Alanı 20181213154955.0
008 - SABİT-BOY VERİ ELEMANLARI - GENEL BİLGİLER
Sabit Uzunlukta Kontrol Alanı 170721b tu 000 0
020 ## - ULUSLARARASI STANDART KİTAP NUMARASI
Uluslararası Standart Kitap Numarası 9786054048113
040 ## - KATALOGLAMA KAYNAK
Orijinal Kataloglama Ajansı Milas
Kataloglama Dili tur
Metne Dönüştürmek Ajansı TR-AnCHP
041 ## - DİL KODU
Metin / Ses Parça Veya Ayrı Başlığın Dil Kodu tur
082 ## - DEWEY ONLU SINIFLANDIRMA NUMARASI
Sınıflandırma Numarası 658.409
Ürün Numarası E74 2009
090 ## - SINIFLAMA NUMARASI
Sınıflama Numarası 658.409 E74 2009
245 ## - BAŞLIK TABLOSU
Başlık Etkili yönetim becerileri
Sorumluluk Tablosu, Vb proje İrfan Çiçek; Eğitmen İsmet Barutçugil
260 ## - YAYIN, DAĞITIM, VB
Yayın, Dağıtım, Vb Yeri İstanbul
Yayıncı, Dağıtıcı, Vs Adı kitapdostu yayınları
Yayın, Dağıtım, Vb Tarihi 2009
300 ## - FİZİKSEL TANIM
Kapsam 63 s.
Boyutlar 19 sm.
440 ## - SERİSİ TABLOSU / KATMA GİRİŞİ - BAŞLIK
Başlık kitapdostu yayınları
Hacim / Ardışık Tanımı 10
490 ## - SERİSİ TABLOSU
Seri Beyanı Kişisel gelişim
Hacim / Ardışık Tanımı 3
650 ## - KONU KATMA GİRİŞ - TOPİKAL DÖNEM
Topikal Süreli Veya Coğrafi Ad Giriş Elemanı Kişisel Gelişim
650 ## - KONU KATMA GİRİŞ - TOPİKAL DÖNEM
Topikal Süreli Veya Coğrafi Ad Giriş Elemanı Yönetim
700 ## - KATMA GİRİŞ - KİŞİSEL İSİM
Kişisel Ad Barutçugil, İsmet
700 ## - KATMA GİRİŞ - KİŞİSEL İSİM
Kişisel Ad Çiçek, İrfan
942 ## - EKLENDİ GİRİŞ ELEMANLARI (KOHA)
Sınıflandırma Veya Raf Düzeni Kaynak Dewey Decimal Classification
Koha Öğesi Türü Books
999 ## - SİSTEM KONTROL NUMARALARI (KOHA)
Koha Biblionumber 4159
Koha Biblioitemnumber 4159
Holdings
Kalıcı Konum Mevcut Konum Edinme Tarihi Edinim Kaynak Toplam Check-Out'Lar Tam Çağrı Numarası Barkod Tarih Son Görülme İtibaren Geçerli Fiyatlar Koha Öğesi Türü
CHP Kütüphanesi CHP Kütüphanesi 07/21/2017 Bağış   658.409 E74 2009 017126 07/21/2017 07/21/2017 Books